Magyar kulturális identitás és intézményrendszer kapcsolata Kárpátalján.
| Szerző: | |
|---|---|
| További közreműködők: | |
| Dokumentumtípus: | Diplomadolgozat |
| Kulcsszavak: | belföldi vándorlás hitelesség identitás kultúrakutatás nemzet |
| Online Access: | http://dolgozattar.uni-bge.hu/59979 |
MARC
| LEADER | 00000nta a2200000 i 4500 | ||
|---|---|---|---|
| 001 | dolg59979 | ||
| 005 | 20260409145826.0 | ||
| 008 | 260409suuuu hu om 000 hun d | ||
| 040 | |a BGE Dolgozattár Repozitórium |b hun | ||
| 041 | |a hu | ||
| 100 | 1 | |a Komáromi Boglárka | |
| 245 | 1 | 0 | |a Magyar kulturális identitás és intézményrendszer kapcsolata Kárpátalján. |c Komáromi Boglárka |h [elektronikus dokumentum] |
| 520 | 3 | |a A tanulmány célja feltárni a magyar kulturális identitás és a kárpátaljai intézményrendszer közötti kapcsolatot. Arra keresem a választ, miként járulhatnak hozzá a magyar nyelvű oktatási, vallási, kulturális és civil intézmények a magyar közösség identitásának megőrzéséhez és megerősítéséhez egy kettős kulturális közegben. A magyar nyelv, valamint a kárpátaljai magyar közösség nyelvi helyzetének vizsgálata különösen indokolt, hiszen egy többnyelvű és multikulturális régióban élnek, ahol a nyelvi identitás megőrzése folyamatos kihívásokkal szembesül. | |
| 695 | |a belföldi vándorlás | ||
| 695 | |a hitelesség | ||
| 695 | |a identitás | ||
| 695 | |a kultúrakutatás | ||
| 695 | |a nemzet | ||
| 700 | 1 | |a Schultz Dr. Éva |e ths | |
| 856 | 4 | 0 | |u http://dolgozattar.uni-bge.hu/59979/1/Kom%C3%A1romi_Bogl%C3%A1rka_Szakdolgozat.pdf |z Dokumentum-elérés |
| 856 | 4 | 0 | |u http://dolgozattar.uni-bge.hu/59979/2/Kom%C3%A1romi%20Bogl%C3%A1rka_b%C3%ADr%C3%A1lat.pdf |z Dokumentum-elérés |
| 856 | 4 | 0 | |u http://dolgozattar.uni-bge.hu/59979/3/Kom%C3%A1romi%20Bogl%C3%A1rka_konzulensi_Schultz%20%C3%89va.pdf |z Dokumentum-elérés |